Las aguas de España y Portugal / (Record no. 11939)

MARC details
000 -LEADER
campo de control de longitud fija 00894nam a2200253 i 4500
001 - NÚMERO DE CONTROL
campo de control 11939
003 - IDENTIFICADOR DE NÚMERO DE CONTROL
campo de control ES-MaACL
005 - FECHA Y HORA DE LA ÚLTIMA TRANSACCIÓN
campo de control 20251015063040.0
007 - CAMPO FIJO DE DESCRIPCIÓN FÍSICA--INFORMACIÓN GENERAL
campo de control de longitud fija t|
008 - DATOS DE LONGITUD FIJA--INFORMACIÓN GENERAL
campo de control de longitud fija 970113s1995 sp ||||1| spa d
020 ## - NÚMERO INTERNACIONAL ESTÁNDAR DEL LIBRO
Número Internacional Estándar del Libro 84-7840-245-4
080 ## - NÚMERO DE LA CLASIFICACIÓN DECIMAL UNIVERSAL
Número de la Clasificación Decimal Universal 556(460)
080 ## - NÚMERO DE LA CLASIFICACIÓN DECIMAL UNIVERSAL
Número de la Clasificación Decimal Universal 556(469)
100 1# - ENTRADA PRINCIPAL--NOMBRE DE PERSONA
Nombre de persona Bentabol y Ureta, Horacio,
Fechas asociadas al nombre 1854-1928
9 (RLIN) 27784
245 14 - MENCIÓN DEL TÍTULO
Título Las aguas de España y Portugal /
Mención de responsabilidad, etc. por Horacio Bentabol y Ureta.
260 ## - PUBLICACIÓN, DISTRIBUCIÓN, ETC.
Lugar de publicación, distribución, etc. Madrid :
Nombre del editor, distribuidor, etc. Instituto Tecnológico Geominero de España,
Fecha de publicación, distribución, etc. 1995.
300 ## - DESCRIPCIÓN FÍSICA
Extensión [18], XVI, 347 p. ;
Dimensiones 25 cm.
595 ## -
-- Reproducción facsimil de la ed. de Madrid : Est. tip. de la viuda é hijos de M. Tello, 1900.
650 14 - PUNTO DE ACCESO ADICIONAL DE MATERIA--TÉRMINO DE MATERIA
Término de materia o nombre geográfico como elemento de entrada Hidrología-
Subdivisión geográfica España.
9 (RLIN) 13340
650 14 - PUNTO DE ACCESO ADICIONAL DE MATERIA--TÉRMINO DE MATERIA
Término de materia o nombre geográfico como elemento de entrada Hidrología-
Subdivisión geográfica Portugal.
9 (RLIN) 13341
710 2# - ENTRADA AGREGADA--NOMBRE DE ENTIDAD CORPORATIVA
Nombre de entidad corporativa o nombre de jurisdicción como elemento de entrada Instituto Tecnológico Geominero de España.
9 (RLIN) 5243
852 ## - LOCALIZACIÓN
Ubicación ES-MaACL
Número de control de estantería G-4674
Sublocalización o colección R.124914
Holdings
Estatus retirado Estado de pérdida Estado de daño No para préstamo Biblioteca de origen Biblioteca actual Ubicación en estantería Fecha de adquisición Fuente de adquisición Total de préstamos Signatura topográfica completa Código de barras Visto por última vez Precio de reemplazo Tipo de ítem Koha
        Biblioteca del Ateneo de Madrid Biblioteca del Ateneo de Madrid Depósito 2 17/01/2008     G-4674 1012166 23/02/2023 23/02/2023 Libro impreso